French Ski Resorts — Sudden Death - Statistiques

Statistiques générales
  • Ce quiz a été pris 88 fois
  • Le résultat moyen est 7 sur 18
Answers on the Grid
Answers color-coded by a green-red scale on the quiz's grid according to % correct below.
Auron
Chamonix
Courchevel
Courmayeur
Crest-Voland
Flumet
Glacièvre
Hautecime
Kitzbühel
La Clusaz
La Norma
Le Collet d’Allevard
Les Chanterelles
Les Fontaines
Les Karellis
Manigod
Megève
Montclaron
Montgenèvre
Prébois
Roche Noire
Serre Chevalier
St Anton
St Moritz
Superdévoluy
Thollon-les-Mémises
Val Cenis
Val Croze
Val Thorens
Valbrume
Vallon Blanc
Valpré
Vars
Verbier
Zermatt
 
Statistiques - réponses
Réponse % Correct
Chamonix
96%
Courchevel
91%
La Clusaz
66%
Megève
62%
Val Thorens
60%
Serre Chevalier
53%
Val Cenis
49%
Vars
38%
Montgenèvre
30%
Superdévoluy
28%
Les Karellis
25%
Crest-Voland
21%
La Norma
21%
Le Collet d’Allevard
21%
Manigod
21%
Flumet
19%
Auron
17%
Thollon-les-Mémises
17%
Aucun quiz correspondant
Distribution des résultats
% des personnes avec chaque résultat
Percentile par nombre de réponses
Votre historique - résultats
Vous n’avez pas pris ce quiz